Normal view
MARC view
- Kementerian Penerangan.
Entry Corporate Name
001 - CONTROL NUMBER
- control field: 2213
003 - CONTROL NUMBER IDENTIFIER
- control field: OSt
005 - DATE AND TIME OF LATEST TRANSACTION
- control field: 20170508114418.0
008 - FIXED-LENGTH DATA ELEMENTS
- fixed length control field: 170508|| aca||aabn | a|a d
040 ## - CATALOGING SOURCE
- Original cataloging agency: OSt
- Transcribing agency: OSt
110 ## - HEADING--CORPORATE NAME
- Corporate name or jurisdiction name as entry element: Kementerian Penerangan.
- Subordinate unit: Jabatan Hal Ehwal Khas
670 ## - SOURCE DATA FOUND
- Source citation: Work cat.: (OSt)0: Wan Zahidi Wan Teh, Datuk, 1942- 2211, Malaysia adalah sebuah negara Islam /, 2001

PORTAL AKMAL
E-MEL JKDM
AKMAL2U
G-BAM
u-PUSTAKA